Prueba de Guinea Ecuatorial - Estadísticas

Estadísticas generales
  • Esta prueba ha sido intentada 1.215 veces
  • La puntuación promedio es 8 de 15
Estadísticas de respuestas
Pista Respuesta % Correcto
Idiomas oficiales Español
96%
Países limítrofes Camerún
81%
Guinea Ecuatorial se encuentra a horcajadas, pero en realidad no toca esta línea Ecuador
81%
Países limítrofes Gabón
80%
Idiomas oficiales Francés
79%
Antigua capital Malabo
73%
Técnicamente, Guinea Ecuatorial es el tercer país africano más ___, detrás de Seychelles y Mauricio Rico
60%
Idiomas oficiales Portugués
59%
La exportación más importante de Guinea Ecuatorial Petróleo
54%
Capital desde 2026 Ciudad de la Paz
41%
La isla en la que se encuentra esa ciudad Bioko
25%
La ciudad más poblada (pista: comparte su nombre con una compañía de zapatos checa) Bata
23%
Sin embargo, también tiene la tasa más alta del mundo de _______ de ingresos, medida por el coeficiente de GINI Desigualdad
23%
Nombre de la parte continental de Guinea Ecuatorial Río {Muni}
23%
El grupo étnico más grande (pista: empieza con F) Fang
18%
No se encontraron pruebas coincidentes
Distribución de puntuación
Porcentaje de gente con cada puntuación
Porcentaje por número respondido
Historial de tus puntuaciones
No has intentado esta prueba.